The Glory and the Dream : A Narrative History of America, 1932-1972 /

Guardado en:
Detalles Bibliográficos
Autor principal: Manchester, William (autor)
Formato: Libro
Idioma:Inglés
Publicado: Nueva York, EUA : Bantam Books, 1974, c1974
Etiquetas: Agrega una etiqueta
Sin etiquetas, Sé el primero en etiquetar este registro!

MARC

LEADER 00000nam^a2200000^a^4500
001 000435303
005 20250526000000.0
009 20260310123127.031
037 |a Acervo ITESO - Biblioteca 
041 |a ING 
091 |a FHM. 07566 
100 |a Manchester, William  |e (autor) 
245 1 4 |a The Glory and the Dream :  |b A Narrative History of America, 1932-1972 / 
264 4 |a Nueva York, EUA :  |b Bantam Books,  |c 1974, c1974 
300 |a X, 1397 p. ;  |c 23.0 cm. 
336 |a texto  |b txt  |2 rdacontenido 
337 |a sin mediación  |b n  |2 rdamedio 
338 |a volumen  |b nc  |2 rdasoporte 
649 |a XX 
910 |a Fondo Hugo B. Margáin 
920 |a Impresos - Libros 
930 |a Libros Antiguos y Raros 
905 |a 126 
901 |a 0500308543  |b IT2  |c LRA  |i D117750  |u 20250526 
902 |a https://opac.biblio.iteso.mx/vufind/Record/000435303